| 000 | 00733cam a22002413a 4500 | ||
|---|---|---|---|
| 001 | 17937 | ||
| 003 | PGUSA | ||
| 005 | 20140828083400.0 | ||
| 008 | 060306s2006||||xxu|||||s|||||000 | eng d | ||
| 040 |
_aPGUSA _beng |
||
| 042 | _adc | ||
| 050 | 4 | _aPZ | |
| 100 | 1 |
_aButler, Ellis Parker, _d1869-1937 |
|
| 245 | 1 | 4 |
_aThe Thin Santa Claus : _bThe Chicken Yard That Was a Christmas Stocking _h[electronic resource] / _cEllis Parker Butler |
| 260 |
_bProject Gutenberg, _c2006 |
||
| 506 | _aPublic domain in the USA. | ||
| 516 | _aElectronic text | ||
| 653 | _aChristmas stories | ||
| 700 | 1 |
_aPreston, May Wilson, _d1873-1949 |
|
| 830 | 0 |
_aProject Gutenberg _v17937 |
|
| 856 | 4 | 0 | _uhttp://www.gutenberg.org/ebooks/17937 |
| 942 | _cEB | ||
| 999 |
_c247192 _d247192 |
||